| 000 | 00912pam a2200277 a 4500 | ||
|---|---|---|---|
| 001 | 1405550 | ||
| 003 | OSt | ||
| 005 | 20230620142703.0 | ||
| 008 | 830321s1983 dcu b 001 0 eng | ||
| 010 | _a 83006354 | ||
| 020 |
_a0815782268 : _c$28.95 |
||
| 020 |
_a081578225X (pbk.) : _c$11.95 |
||
| 040 |
_aDLC _cDLC _dDLC |
||
| 043 | _an-us--- | ||
| 050 | 0 | 0 |
_aJK2261 _b.S9 1983 |
| 082 | 0 | 0 |
_a324.273/09 _219 _bSUN |
| 100 | 1 | _aSundquist, James L. | |
| 245 | 1 | 0 |
_aDynamics of the party system : _balignment and realignment of political parties in the United States / _cJames L. Sundquist. |
| 250 | _aRev. ed. | ||
| 260 |
_aWashington, D.C. : _bBrookings Institution, _cc1983. |
||
| 300 |
_axiv, 466 p. ; _c24 cm. |
||
| 504 | _aIncludes bibliographical references and index. | ||
| 650 | 0 |
_aPolitical parties _zUnited States _xHistory. |
|
| 906 |
_a7 _bcbc _corignew _d1 _eocip _f19 _gy-gencatlg |
||
| 942 |
_2ddc _cBK |
||
| 999 |
_c1782 _d1782 |
||